Statistiken für Die 100 besten Fußballer des Jahres 2018

Klicken Sie hier um das Quiz zu spielen!

Allgemein

  • Dieses Quiz wurde 1.206 mal gespielt
  • Das Durchschnittsergebnis liegt bei 45 aus 100

Antwortstatistiken

#ClubName% Korrekt
2Juventus TurinCristiano Ronaldo
100%
3FC BarcelonaLionel Messi
99%
4Paris Saint-GermainKylian Mbappe
96%
5FC LiverpoolMohamed Salah
96%
11Paris Saint-GermainNeymar
95%
1Real MadridLuka Modric
94%
9Tottenham HotspurHarry Kane
93%
6Atletico MadridAntoine Griezmann
87%
48Real MadridKarim Benzema
87%
8Manchester CityKevin De Bruyne
85%
19FC LiverpoolSadio Mane
85%
22Real MadridToni Kroos
82%
17Real MadridSergio Ramos
80%
14FC BarcelonaLuis Suarez
79%
78Tottenham HotspurHeung-min Son
78%
10FC ChelseaN'Golo Kante
77%
30Bayern MünchenRobert Lewandowski
74%
41Manchester UnitedRomelu Lukaku
71%
24FC LiverpoolVirgil van Dijk
70%
7FC ChelseaEden Hazard
67%
47Borussia DortmundMarco Reus
66%
42Real MadridCasemiro
65%
45Tottenham HotspurDele Alli
65%
44FC BarcelonaMarc-Andre ter Stegen
64%
38Real MadridGareth Bale
63%
16Manchester UnitedPaul Pogba
63%
15Manchester CitySergio Aguero
63%
83FC BarcelonaGerard Pique
62%
67Bayern MünchenJoshua Kimmich
62%
31Manchester CityRaheem Sterling
61%
74Paris Saint-GermainThiago Silva
61%
92Ajax AmsterdamFrenkie de Jong
60%
12Real MadridRaphael Varane
60%
26Juventus TurinPaulo Dybala
59%
68Manchester CityBernardo Silva
58%
27Atletico MadridJan Oblak
58%
18Real MadridMarcelo
57%
20Manchester CityDavid Silva
56%
59Manchester CityEderson
54%
23FC LiverpoolRoberto Firmino
53%
57Manchester CityLeroy Sane
52%
50FC BarcelonaSergio Busquets
51%
43FC LiverpoolAlisson
50%
64FC BarcelonaJordi Alba
50%
66Real MadridKeylor Navas
50%
55FC ArsenalPierre-Emerick Aubameyang
50%
37Real MadridThibaut Courtois
50%
89Ajax AmsterdamMatthijs de Ligt
49%
40Tottenham HotspurHugo Lloris
46%
46SSC NeapelDries Mertens
43%
21Paris Saint-GermainEdinson Cavani
43%
49Juventus TurinGiorgio Chiellini
43%
76Juventus TurinLeonardo Bonucci
43%
58SSC NeapelLorenzo Insigne
42%
73Lazio RomCiro Immobile
41%
13FC BarcelonaIvan Rakitic
36%
39Manchester UnitedDavid De Gea
35%
94River PlateGonzalo Martinez
35%
84Olympique LyonMemphis Depay
34%
99FC ArsenalMesut Özil
33%
25FC BarcelonaPhilippe Coutinho
33%
71VfB StuttgartBenjamin Pavard
32%
60Paris Saint-GermainGianluigi Buffon
31%
35FC BarcelonaSamuel Umtiti
31%
56SSC NeapelKalidou Koulibaly
29%
80Manchester CityKyle Walker
29%
85Eintracht FrankfurtAnte Rebic
28%
34Atletico MadridDiego Godin
27%
97FC ChelseaOlivier Giroud
27%
28Real MadridIsco
26%
90AC MailandGonzalo Higuain
25%
62Real MadridMarco Asensio
25%
81Manchester CityGabriel Jesus
24%
69Atletico MadridLucas Hernandez
24%
36Tottenham HotspurChristian Eriksen
22%
54AS RomEdin Dzeko
22%
79Leicester CityHarry Maguire
20%
29Inter MailandIvan Perisic
20%
52FC ChelseaJorginho
20%
100Atletico MadridJose Maria Gimenez
20%
33Juventus TurinMario Mandzukic
20%
88Atletico MadridDiego Costa
19%
32Inter MailandMauro Icardi
19%
53Juventus TurinBlaise Matuidi
18%
63Manchester CityFernandinho
17%
86Manchester CityJohn Stones
17%
70Bayern MünchenJames Rodriguez
15%
51Juventus TurinMiralem Pjanic
15%
82FC LiverpoolJames Milner
13%
65FC EvertonJordan Pickford
12%
95Olympique LyonNabil Fekir
12%
77FC ChelseaMarcos Alonso
10%
96Borussia DortmundAxel Witsel
9%
61Atletico MadridSaul Niguez
9%
98PSV EindhovenHirving Lozano
8%
91FC ChelseaWillian
8%
72Tottenham HotspurKieran Trippier
7%
75Paris Saint-GermainThomas Meunier
6%
87FC ValenciaDenis Cheryshev
4%
93FC ArsenalLucas Torreira
3%

Verteilung der Resultate

Perzentil nach korrekt beantworteten Fragen

Anzahl Personen mit jedem Resultat

Ihre Resultats-Entwicklung

Sie haben dieses Quiz noch nicht gespielt